| 000 | 00287 a2200085 4500 | ||
|---|---|---|---|
| 100 | 1 |
_aViktorin, Jan. _eAutor |
|
| 245 | 0 |
_aVlivy elektrickych trakcnich systemu na sdelovaci a zabezpecovaci zarizeni / _cViktorin Jan. |
|
| 710 | 2 |
_aNADAS. _eWydawca _4pbl |
|
| 260 |
_aPraha : _bNADAS, _c1971. |
||
| 300 |
_a230 s.; _c25 cm. |
||
| 999 |
_c13197 _d13197 |
||